Compendio de cultura musical. tercer curso /

Guardado en:
Autor Principal: Benvenuto, E. L.
Formato: Libro
Publicado: Buenos Aires : Cesarini, 1960
Edición:12a. ed.
Materias:
Etiquetas: Agregar Etiqueta
Sin Etiquetas, Sea el primero en etiquetar este registro!
LEADER 00478nam a22001695a 4500
001 CEM.cems000983
005 20060213000000.0
008 130507s1960##################000#0#####d
003 CEMS
082 0 4 |a 780.7 
100 1 |a Benvenuto, E. L. 
245 1 0 |a Compendio de cultura musical. tercer curso / 
250 |a 12a. ed. 
260 |a Buenos Aires :  |b Cesarini,  |c 1960 
300 |a 116 p. 
653 |a Cultura musical 
859 |a CEMS  |b BIB. CEMS - 11 de abril  |h 780.7  |i B447a12/III  |p 10567.81  |t Ej.1